000 00479nmm a2200157Ia 4500
008 251105s9999||||xx |||||||||||||||||und||
020 _a9789875914520
041 _aspa
100 _aCristiano, Javier
245 0 _aLo instituyente : escritos sobre teoría social
264 _a[Buenos Aires, Argentina] :
_bEditorial Brujas,
_c2014
300 _a258 páginas
650 _aSocial Sciences (General)
856 _uhttps://public.digitaliapublishing.com/a/35417
942 _cCF
999 _c97490
_d97490